• 首页
  • 本馆介绍
  • 公告通知
  • 最新文献
  • 馆藏检索
  • 电子资源
  • 读者导购
  • 参考咨询
  • 我的图书馆
  • 登录
  • 详细信息显示
  • 放入我的书架
  • 预约/预借图书
  • 作者相关作品
  • 分类相关作品
  • 丛书相关作品
  • 出版社相关作品

书目信息

  • 表格格式
  • 工作单格式
  • 卡片格式
题名:
连续媒质电动力学
    
 
作者: 栗弗席兹 , Лифшиц , 朗道 , Ландау 著 ;周奇 译
分册: 下册  
出版信息: 北京   人民教育出版社  1963
页数: 293-572页
开本: 19cm
丛书名:
单 册:
中图分类: O33
科图分类:
主题词: 连续介质-电动力学 , 电动力学-连续介质 , 连续介质力学
电子资源:
ISBN:
000 01032nam0 2200313 45
001 0179000831
005 20060814095859.53
010    @dCNY0.68
091    @a13012.0312
100    @a19950726e19791963em y0chiy0121 ea
101 1  @achi@crus
102    @aCN@b110000
105    @ay z 000yy
200 10 @a连续媒质电动力学@h下册@Alian xu mei zhi dian dong li xue@f(苏)朗道(Л.Д.Ландау),(苏)栗弗席兹(Е.М.Лифшиц)著@g周奇译
210    @a北京@c人民教育出版社@d1963@h1979重印
215    @a293-572页@d19cm
300    @a书名原文:Электродинамика сплошных сред
510 1  @aЭлектродинамика сплошных сред@zrus
606    @a连续介质-电动力学
606    @a电动力学-连续介质
606 0  @a连续介质力学
690    @aO33
701  1 @a栗弗席兹@Ali fu xi zi@bЕ.М.@4著
701 A1 @aЛифшиц@bЕ.М.@4著
701  1 @a朗道@bЛ.Д.@4著
701 A1 @aЛандау@bЛ.Д.@4著
702  0 @a周奇@Azhou qi@4译
801  0 @aCN@bNLC@c20060814
905    @dO33@e14:2
    
    连续媒质电动力学.下册/(苏)朗道(Л.Д.Ландау),(苏)栗弗席兹(Е.М.Лифшиц)著/周奇译.-北京:人民教育出版社,1963(1979重印)
    293-572页;19cm
    书名原文:Электродинамика сплошных сред
    
    ISBN :CNY0.68
    
●
相关链接 在E读中查询图书 在五车中查询图书 在当当中查询图书 在豆瓣中查询图书


正题名:连续媒质电动力学     索取号:O33/14:2         预约/预借

序号 登录号 条形码 馆藏地/架位号 状态 备注
1 0057110   000384872   第三借阅区/ [索取号:O33/14:2] 在馆    
2 0057111   000384890   密集书库/ [索取号:O33/14:2] 在馆    
3 0057112   202098194   第二样本阅览室/ [索取号:O33/14:2] 在馆    
4 0442391   204423917   密集书库/ [索取号:O33/14:2] 在馆    
5 0460918   204609183   密集书库/ [索取号:O33/14:2] 在馆    
6 0460919   204609192   密集书库/ [索取号:O33/14:2] 在馆    
7 0460920   204609209   密集书库/ [索取号:O33/14:2] 在馆    
8 0460921   204609218   密集书库/ [索取号:O33/14:2] 在馆    
9 0460922   204609227   密集书库/ [索取号:O33/14:2] 在馆    
唐山师范学院图书馆 欢迎您!
大连网信软件有限公司© 版权所有